Rozdíly mezi investičními a podílovými fondy
Základné pojmy, charakteristické znaky a rozdiely medzi investičnými a podielovými fondami.
Saved in:
| Main Author: | |
|---|---|
| Format: | Book Chapter |
| Language: | Czech |
| Subjects: | |
| Tags: |
No Tags, Be the first to tag this record!
|
MARC
| LEADER | 00000naa a2200000 4500 | ||
|---|---|---|---|
| 001 | r016137 | ||
| 005 | 20221213082533.0 | ||
| 041 | 0 | |a cze | |
| 044 | |a CZ | ||
| 245 | 1 | 0 | |a Rozdíly mezi investičními a podílovými fondy |c J. Guoth |
| 520 | |a Základné pojmy, charakteristické znaky a rozdiely medzi investičnými a podielovými fondami. | ||
| 610 | 2 | 0 | |a fondy investičné |
| 610 | 2 | 0 | |a fondy podielové |
| 610 | 2 | 0 | |a privatizácia |
| 610 | 2 | 0 | |a spoločnosti investičné |
| 610 | 2 | 0 | |a Česko |
| 100 | 1 | |a Guoth, J. | |